01385cam a22003378a 4500001001000000003000400010005001700014008004100031020003200072040003100104082002100135100002800156245012000184246004300304246005300347246003300400250001300433260004400446300003700490500002600527500004900553650003200602650002700634653002000661655002400681700003300705942000800738999001700746952014200763952014200905016857278OSt20150415125345.0140826t2015 moua fr 001 0 eng d a9780323084758 (spiralbound) aStDuBDScStDuBDSdEG-ScBUE00a615.855222bGAH1 aGahart, Betty L.93639710aIntravenous medications :ba handbook for nurses and health professionals /cBetty L. Gahart, Adrienne R. Nazareno.3 aTwenty fifteen intravenous medications3 aTwo thousand and fifteen intravenous medications34a2015 intravenous medications a31th ed. aMissouri :bElsevier / Mosby, cc.2015. axxv, 1315 p. :btables ;c23 cm. aIndex : p. 1291-1315. athe #1 iv drug reference for over 40 years ! 0aIntravenous therapy.923982 0aPharmacopoeias.923526 bNNURcApril2015 vreading book9342321 aNazareno, Adrienne R.936398 2ddc c19188d19160 00102ddc40708BaccahaMAINbMAINc1STd2015-04-15epurchaseg249.00h21925l0o615.855 GAHp000038009r2025-07-15 00:00:00v311.25yBB 00102ddc40708BaccahaMAINbMAINc1STd2015-04-15epurchaseg249.00h21925l0o615.855 GAHp000038008r2025-07-15 00:00:00v311.25yBB